Shumūʻ wa-ẓilāl, (Record no. 45167)

MARC details
000 -LEADER
fixed length control field 00596cam a22002171 4500
001 - CONTROL NUMBER
control field ne 62000970
003 - CONTROL NUMBER IDENTIFIER
control field DLC
005 - DATE AND TIME OF LATEST TRANSACTION
control field 20260227111736.0
008 - FIXED-LENGTH DATA ELEMENTS--GENERAL INFORMATION
fixed length control field 900612s1961 ua 000 1 ararc
010 ## - LIBRARY OF CONGRESS CONTROL NUMBER
LC control number ne 62000970
025 ## - OVERSEAS ACQUISITION NUMBER
Overseas acquisition number PL480:UAR-15
035 ## - SYSTEM CONTROL NUMBER
System control number (OCoLC)21793540
040 ## - CATALOGING SOURCE
Original cataloging agency Princeton Univ. Libr.
Transcribing agency WaU
Modifying agency DLC
042 ## - AUTHENTICATION CODE
Authentication code premarc
050 00 - LIBRARY OF CONGRESS CALL NUMBER
Classification number PJ7862.H25
Item number S4
100 1# - MAIN ENTRY--PERSONAL NAME
Personal name Sharīf, Ṭāhir.
245 10 - TITLE STATEMENT
Title Shumūʻ wa-ẓilāl,
Statement of responsibility, etc. bi-qalam Ṭāhir Sharīf.
260 ## - PUBLICATION, DISTRIBUTION, ETC.
Place of publication, distribution, etc. al-Qāhirah,
Name of publisher, distributor, etc. Muʼassasat al-Khānjī,
Date of publication, distribution, etc. 1961.
300 ## - PHYSICAL DESCRIPTION
Extent 212 p.
Dimensions 19 cm.
500 ## - GENERAL NOTE
General note Short stories.

No items available.

Powered by Koha